Loading...
Collected works of Mahatma Gandhi v.26
| Main Author: | |
|---|---|
| Format: | Printed Book |
| Language: | Undetermined |
| Published: |
Government of india
1967
|
| Subjects: |
| LEADER | 00504nam a2200145Ia 4500 | ||
|---|---|---|---|
| 008 | 140316s9999 xx 000 0 und d | ||
| 082 | |a 923.6 |b GOV/CO26 | ||
| 100 | |a Government of India | ||
| 245 | |a Collected works of Mahatma Gandhi v.26 | ||
| 260 | |b Government of india |c 1967 | ||
| 300 | |a 607 | ||
| 650 | |a Social reformer | ||
| 942 | |2 ddc |c REF | ||
| 999 | |c 22113 |d 22113 | ||
| 952 | |0 0 |1 0 |2 ddc |4 0 |6 923_600000000000000_GOVCO26 |7 0 |9 29978 |a KAUCLV |b KAUCLV |c REF |d 2014-03-18 |o 923.6 GOV/CO26 |p 801043 |r 2014-03-18 |w 2014-03-18 |y REF | ||